NLSUI OPAC header image

Environmental problems and prospects in India (Record no. 16090)

MARC details
000 -LEADER
fixed length control field 02765nam a2200217Ia 4500
003 - CONTROL NUMBER IDENTIFIER
control field OSt
005 - DATE AND TIME OF LATEST TRANSACTION
control field 20210908131314.0
008 - FIXED-LENGTH DATA ELEMENTS--GENERAL INFORMATION
fixed length control field 160316s1993 xxu||||| |||| 00| 0 eng d
020 ## - INTERNATIONAL STANDARD BOOK NUMBER
International Standard Book Number 812047717
040 ## - CATALOGING SOURCE
Transcribing agency n
082 ## - DEWEY DECIMAL CLASSIFICATION NUMBER
Classification number 338.9 BAL
Item number BAL
100 ## - MAIN ENTRY--PERSONAL NAME
Personal name Balakrishnan Mundanthra
245 ## - TITLE STATEMENT
Title Environmental problems and prospects in India
260 ## - PUBLICATION, DISTRIBUTION, ETC.
Place of publication, distribution, etc. New Delhi
Name of publisher, distributor, etc. Oxford & IBH Publishing Co. Pvt. Ltd.
Date of publication, distribution, etc. 1993
300 ## - PHYSICAL DESCRIPTION
Extent 454p
Dimensions xiii
365 ## - TRADE PRICE
Price amount Rs. 640
505 ## - FORMATTED CONTENTS NOTE
Formatted contents note CONTENTS;<br/>Preface;<br/>The Contributors;<br/>SECTION I. HABITATS, RESOURCES AND CONSERVATION;<br/>1. In-situ Conservation of Biological Diversity<br/>T.N. Khoshoo<br/>2. Wetlands of India: Their Unique Potential for Quality Life Improvement<br/>N. Balakrishnan Nair<br/>3. India's Threatened Forests with Particular Reference to Tropical Rain-forests<br/>S.P. Singh, S. Retnakarmakar and IS. Singh<br/>4. Natural Environment of Himalaya: Burning Problems<br/>K.S. Valdiya<br/>5. Natural Forests and Environment in Indian Central Himalaya: An Ecological Analysis<br/>Urna Melkania and N.P. Melkania<br/>6. Threatened Wild Mammals of India: Conservation Strategies and Prospects<br/>M. Balakrishnan<br/>SECTION II. ENVIRONMENTAL PROBLEMS AND SOLUTIONS;<br/>7. Soil Erosion and Conservation in India 12'<br/>I Sehgal, Gunnel Singh, CJ. Thampi and R.K. Batta<br/>8. Ecosystem Acidification: A Global Perspective<br/>NP. Melkania and Urna Melkania<br/>9. Political Economy of Large Dams: Some Tentative Assertions<br/>Satyajit Singh<br/>10. Environment and Human Health<br/>D.K. Srinivasa and K.H. Krishnamurthy<br/>11. Molecular Approaches to Ecotoxicology<br/>Poonam Kakkar, Farhat N faffery, Geeta Chawla and<br/>P.N Viswanathan<br/>12. The Bhopal Gas Incident: Lessons for the Future<br/>S.S. Tachakra and S.M. Robinson<br/>SECTION III. RESOURCE UTILISATION;<br/>13. Aquaculture in India<br/>T J. Pandian<br/>14. Biotechnology for Harvesting Marine-living Resources<br/>A.H. Parulekar<br/>15. Utilisation of the River Basin: State of the Art and<br/>Recommendations<br/>K.P. Thrivikrarnaji<br/>16. Remote Sensing for Forest Ecosystem Analysis and<br/>Management<br/>P.S. Roy<br/>17. Scope of Plant Conservation and Strategy for Conserving Threatened Plants<br/>A.N·Namboodiri<br/>18. Environmentally Sound Energy Development Programme for Kerala<br/>v.K. Damodaran<br/>19. Environmental Conservation and Climate<br/>G.B. Pant and Nityanand Singh<br/>20. Should Harvesting of Frogs Be Banned?<br/>A .P. Gore and V.R. Prayag<br/>SECTION IV. CONSERVATION EDUCATION;<br/>21. Modelling of Subsurface and Surface Water Pollution<br/>Ancy Kuruvilla and P.T. Roy Chacko<br/>22. Natural History Museum and Conservation Education<br/>B. Venugopal and Usha Menon<br/>Author Index;<br/>Subject Index<br/>
650 ## - SUBJECT ADDED ENTRY--TOPICAL TERM
Topical term or geographic name entry element 1. Economic Development - Environmental Aspects2. Environmental Problems - India3. Sustainable Development
700 ## - ADDED ENTRY--PERSONAL NAME
Personal name
--
942 ## - ADDED ENTRY ELEMENTS (KOHA)
Source of classification or shelving scheme Dewey Decimal Classification
Koha item type BOOKs
Holdings
Withdrawn status Lost status Damaged status Not for loan Home library Current library Shelving location Date acquired Cost, normal purchase price Total Checkouts Full call number Barcode Date last seen Price effective from Koha item type
        NLS NLS NAB Compactor 30/05/2017 640.00   338.9 BAL 15976 30/05/2017 30/05/2017 BOOKs